Espaces d'interpolation réels: topologie et géométrie

Guardat en:
Dades bibliogràfiques
Autor principal: Beauzamy, Bernard (Autor)
Format: Llibre
Idioma:francès
Publicat: Berlín Springer-Verlag 1978
Col·lecció:Lecture Notes in Mathematics, 666
Matèries:
Etiquetes: Afegir etiqueta
Sense etiquetes, Sigues el primer a etiquetar aquest registre!

MARC

LEADER 00000nam a2200000 a 4500
001 UCP2691
003 CL-VaPUC
008 990520e19780000GW |||||||||||||||||fre|d
082 0 4 |a 511.42  |b BEA  |2 21 
100 0 |a Beauzamy, Bernard  |e author  |9 429639 
245 1 0 |a Espaces d'interpolation réels: topologie et géométrie 
300 |a 104 p 
942 |c BK 
945 |d 19990520 00:00:00  |a crobeson 
260 |a Berlín  |b Springer-Verlag  |c 1978 
650 0 |a Interpolación   |9 358854 
650 7 |a METODOS MATEMATICOS  |2 CL-VaPUC  |9 354952 
650 0 |a Geometría   |9 264063 
650 0 |a Topología   |9 260092 
583 |a last modification  |c 19990520 00:00:00  |k Rodrigo Vera 
490 0 |a Lecture Notes in Mathematics, 666 
999 |c 281193  |d 281191 
952 |0 0  |1 0  |4 0  |6 511_420000000000000_BEA_1978  |7 0  |8 A  |9 321871  |a BIBMAT  |b BIBMAT  |d 2019-11-20  |i 1346059  |o 511.42 BEA 1978  |p 1346059  |r 2025-01-07  |w 2019-11-20  |y BK  |k MAT